000 00458nam a2200169Ia 4500
003 GCL
008 140319s9999 xx 000 0 eng d
040 _aGCL /
_cGCL
082 0 4 _a192
_bB Y
100 1 _aYOLTON, JOHN W.
245 1 0 _aTHE BLACKWELL PHILOSOPHER DICTIONARIES: A LOCKE DICTIONARY /
_cYOLTON, JOHN W.
260 _a[S.N] :
_bBLACKWELL ،
_c1993
300 _a348 P
650 0 4 _aPHILOSOPHY
650 0 4 _aENGLISH PHILOSOPHY
942 _2ddc
_cBK
999 _c21438
_d21438